000 00395 a2200157 4500
001 76027
020 _a9788516100643
040 _cAnchieta - Colégio São Paulo
100 _aRios, Eloci Peres
240 1 0 _aObservatório de Ciências 7º ano
_lpor
245 1 0 _aObservatório de Ciências 7º ano
300 _a272
362 0 _a2016
650 4 _aCiência da vida - Biologia
942 _cBK
999 _c76027
_d76027